000
00332nam a22001457a 4500
008
230512b ||||| |||| 00| 0 eng d
020
_a
9780321892348
041
_a
eng
080
_2
FIFTH EDITION
_a
575
082
_a
575SUC
100
_a
13
101
_a
BIOKIMI
245
_a
CONCEPTUAL CHEMISTRY
_c
SUCHOCKI.J
942
_2
udc
_c
BK
999
_c
59699
_d
59699